| 000 | 02172cam a22004577a 4500 | ||
|---|---|---|---|
| 003 | CHAP | ||
| 005 | 20220329134601.0 | ||
| 008 | 971013s r 00010 d | ||
| 010 | _a22552 | ||
| 011 | _a23524 | ||
| 035 | _a27620 | ||
| 040 | _cCHAP | ||
| 082 | 0 | 4 |
_a599.016 _bA82 |
| 100 | 0 | 0 |
_aAustin, C. R. _eed. _98349 |
| 245 | 1 | 0 |
_aReproduction in mammals _c/por Cambridge university |
| 260 |
_aLondon : _bCambridge university, _c19- |
||
| 300 | _av. | ||
| 500 | _aLa biblioteca tien: v.1, v.3, v.4, v.5, v.6, v.7 | ||
| 505 | _aContenido: v.1 Germ cells and fertilization v.2 Enbryonic and fetal developoment.- v.3 Hormones in reproduction.- v.4 Repodructive patterns.- v.5 Artificial control of reproduction.- v.6.- v.7 Mechanisms of hormone action | ||
| 590 |
_aBATCH-UPD _b10 _c20130110 _lUCH01 _h1940 |
||
| 590 |
_aBATCH-UPD _b10 _c20130410 _lUCH01 _h1303 |
||
| 590 |
_aBATCH-UPD _b10 _c20130914 _lUCH01 _h0612 |
||
| 590 |
_aBATCH-UPD _b10 _c20130914 _lUCH01 _h2117 |
||
| 590 |
_aCONVERSION _b10 _c20130109 _lUCH01 _h1313 |
||
| 650 | 1 | 4 |
_aMamíferos _xReproducción. _970254 |
| 650 | 1 | 4 |
_aReproducción animal. _996028 |
| 700 | 0 |
_aShort, R. V. _9105745 |
|
| 901 | _aBK | ||
| 942 | _cLIBRO | ||
| 949 |
_a599.016 A82 _bBC _cLIBRO _d33724000364840 _eLIBRO _fv.4 _h50517 _i27620 _si |
||
| 949 |
_a599.016 A82 _bBC _cLIBRO _d33724000364857 _eLIBRO _fv.5 _h49415 _i27620 _si |
||
| 949 |
_a599.016 A82 _bBC _cLIBRO _d33724000364865 _eLIBRO _fv.1 _h50516 _i27620 _si |
||
| 949 |
_a599.016 A82 _bBC _cLIBRO _d33724000364873 _eLIBRO _fv.3 _h52206 _i27620 _si |
||
| 949 |
_a599.016 A82 _bBC _cLIBRO _d33724000364907 _eLIBRO _fv.4 c.2 _h79555 _i27620 _si |
||
| 949 |
_a599.016 A82 _bBC _cLIBRO _d33724000364915 _eLIBRO _fv.6 _h50515 _i27620 _si |
||
| 949 |
_a599.016 A82 _bBC _cLIBRO _d33724000364923 _eLIBRO _fv.1 c.2 _h69015 _i27620 _si |
||
| 949 |
_a599.016 A82 _bBC _cLIBRO _d33724000364931 _eLIBRO _fv.7 _h79556 _i27620 _si |
||
| 949 |
_a599.016 A82 _bBC _cLIBRO _d33724000867842 _eLIBRO _fv.7 c.2 _gDonaciØn _h103345 _i27620 _sb |
||
| 949 |
_a599.016 A82 _bBC _cLIBRO _d33724000867909 _eLIBRO _fv.5 c.2 _gDonaciØn _h103344 _i27620 _sb |
||
| 949 |
_a599.016 A82 _bBC _cLIBRO _d33724000867966 _eLIBRO _fv.3 c.2 _gDonaciØn _h103343 _i27620 _sb |
||
| 999 |
_c22552 _d22552 |
||